Normal view MARC view
  • Museos y escuelas

Entry Materia

Number of records used in: 44

001 - NÚMERO DE CONTROL DEL REGISTRO

  • campo de control: 4971

003 - IDENTIFICADOR DE NUMERO DE CONTROL

  • campo de control: MX-MxUPN

005 - FECHA Y HORA DE LA ÚLTIMA TRANSACCIÓN

  • campo de control: 20260311142415.0

008 - DATOS DE LONGITUD FIJA

  • campo de control de longitud fija: nabaccnnaabn|||||||||| b |nc|||||d

035 ## - NÚMERO DE CONTROL DEL SISTEMA

  • Número de control del sistema: UPN10000004971

040 ## - FUENTE DE LA CATALOGACIÓN

  • Centro catalogador de origen: MX-MxUPN
  • Lengua de catalogación: spa

150 ## - ENCABEZAMIENTO - TEMÁTICO

  • Término de materia o nombre geográfico como elemento inicial: Museos y escuelas

450 ## - VÉASE - MATERIA

  • Encabezamiento temático: Museos y educación

670 ## - FUENTE EN LA QUE SE LOCALIZARON DATOS

  • Cita de la fuente: Escamilla González, G. Lista de encabezamientos de materia, 1978 :
  • Información localizada: página 587 (Museos y escuelas)

670 ## - FUENTE EN LA QUE SE LOCALIZARON DATOS

  • Cita de la fuente: Autoridades LIBRUNAM, 11 marzo 2026 :
  • Información localizada: (Museos y escuelas; Museos y educación)
  • Identificador Uniforme del Recurso: https://librunam.dgb.unam.mx/

902 ## - CATALOGADOR

  • Catalogador: MCM/241197
  • Catalogador: VíctorGodìnez/110326